Determinación del potencial del sistema de extracción y comercialización del Chiqui-Chiqui (Leopoldina piassaba, Palmae) por las comunidades indígenas en las selvas del departamento del Guainía / (Registro nro. 3163)
[ vista simple ]
| 000 -CABECERA | |
|---|---|
| Campo de control | 01395nam a2200313 a 4500 |
| 005 - FECHA Y HORA DE LA ULTIMA TRANSACCION | |
| Campo de control | 20151125102032.0 |
| 008 - ELEMENTOS DE LONGITUD FIJA—INFORMACION GENERAL | |
| Campo de control | 140310b1996 ck ||||| |||| 00| 0 spa d |
| 040 ## - FUENTE DE CATALOGACIÓN | |
| Agencia catalogadora original | CO-BoIAVH |
| Agencia transcriptora | CO-BoIAVH |
| 041 ## - IDIOMA | |
| Código de idioma para texto/pista de sonido o título separado | Español |
| 044 ## - PAÍS DE PUBLICACIÓN | |
| País de publicación | Colombia |
| 090 ## - CLASIFICACIÓN LOCAL | |
| Colección | LB |
| Consecutivo | 02924 |
| 100 1# - ASIENTO PRINCIPAL--NOMBRE PERSONAL | |
| Nombre personal | Etter R. Andrés |
| 9 (RLIN) | 10765 |
| 245 1# - MENCION DE TITULO | |
| Título | Determinación del potencial del sistema de extracción y comercialización del Chiqui-Chiqui (Leopoldina piassaba, Palmae) por las comunidades indígenas en las selvas del departamento del Guainía / |
| Mención de responsabilidad | Etter R. Andrés [y otros 5] |
| 260 ## - PUBLICACION, DISTRIBUCION, ETC. (PIE DE IMPRENTA) | |
| Lugar de publicación, distribución, etc. | Bogotá, Colombia : |
| Nombre del editor, distribuidor, etc. | IDEADE, |
| Fecha de publicación, distribución, etc. | 1996. |
| 300 ## - DESCRIPCION FISICA | |
| Extensión | 138 páginas : |
| Otros detalles físicos | tablas, mapas ; |
| Dimensiones | 28 cm. |
| 650 #4 - ASIENTO SECUNDARIO DE MATERIA - TERMINO TEMATICO | |
| Término temático o nombre geográfico como elemento de entrada | Plantas útiles |
| 9 (RLIN) | 43086 |
| 650 #6 - ASIENTO SECUNDARIO DE MATERIA - TERMINO TEMATICO | |
| Término temático o nombre geográfico como elemento de entrada | Palmas |
| Subdivisión geográfica | Guainía (Departamento, Colombia) |
| 9 (RLIN) | 43087 |
| 650 #6 - ASIENTO SECUNDARIO DE MATERIA - TERMINO TEMATICO | |
| Término temático o nombre geográfico como elemento de entrada | Fibrales |
| Subdivisión geográfica | Guainía (Departamento, Colombia) |
| 9 (RLIN) | 43088 |
| 650 #6 - ASIENTO SECUNDARIO DE MATERIA - TERMINO TEMATICO | |
| Término temático o nombre geográfico como elemento de entrada | Mercadeo |
| Subdivisión geográfica | Guainía (Departamento, Colombia) |
| 9 (RLIN) | 43089 |
| 650 #6 - ASIENTO SECUNDARIO DE MATERIA - TERMINO TEMATICO | |
| Término temático o nombre geográfico como elemento de entrada | Análisis de mercado |
| Subdivisión geográfica | Guainía (Departamento, Colombia) |
| 9 (RLIN) | 43090 |
| 662 ## - ASIENTO SECUNDARIO DE MATERIA - JERARQUIA DEL NOMBRE DE LUGAR( | |
| País o entidad mayor | Colombia |
| Jurisdicción política de primer orden | (Departamento, Guainía) |
| 700 1# - ASIENTO SECUNDARIO - NOMBRE PERSONAL | |
| Nombre personal | Crizón, Isabel |
| 9 (RLIN) | 2718 |
| 700 1# - ASIENTO SECUNDARIO - NOMBRE PERSONAL | |
| Nombre personal | Fernández, Eduardo |
| 9 (RLIN) | 18772 |
| 700 1# - ASIENTO SECUNDARIO - NOMBRE PERSONAL | |
| Nombre personal | Imamoto, Marcia |
| 9 (RLIN) | 18773 |
| 700 1# - ASIENTO SECUNDARIO - NOMBRE PERSONAL | |
| Nombre personal | Romero, Manuel |
| 9 (RLIN) | 18774 |
| 700 1# - ASIENTO SECUNDARIO - NOMBRE PERSONAL | |
| Nombre personal | Sarmiento, Armando |
| 9 (RLIN) | 13368 |
| 710 2# - ASIENTO SECUNDARIO - NOMBRE CORPORATIVO | |
| Nombre corporativo o de jurisdicción como elemento de entrada | Pontificia Universidad Javeriana. |
| Unidad subordinada | Facultad de Estudios Ambientales y Rurales. |
| -- | Instituto de Estudios Ambientales para el Desarrollo. |
| 9 (RLIN) | 43091 |
| 942 ## - ELEMENTOS ADICIONALES (KOHA) | |
| Tipo de ítem | Informe Técnico |
| Sistema de clasificación | Local |
| Withdrawn status | Lost status | Sistema de Clasificación | Damaged status | No para préstamo | Colección | Inventariado | Ubicación Permanente | Ubicación actual | Fecha de adquisición | Fuente de Valor | Total Checkouts | Número topográfico | Inventario / Código de Barras | Date last seen | Ejemplar | Price effective from | Forma de adquisición | Tipo de material |
|---|---|---|---|---|---|---|---|---|---|---|---|---|---|---|---|---|---|---|
| Local | General | Inventariado 2017 | Bogotá | Bogotá | 01/04/2003 | Biocomercio | LB-02924 | 005175 | 04/12/2012 | Ej. 1 | 04/12/2012 | Informe Técnico |